000 00752nam a22001817a 4500
999 _c371802
_d371802
008 201127b ||||| |||| 00| 0 eng d
040 _aDE-2950
_bger
_cDE-2950
_erda
041 _ager
245 _aLeitet Polens Industrie seit Jahren Abwässer in Flüsse?.
_bFischsterben. Experte erhebt schwere Vorwürfe . Brandenburger Labor sucht weiter nach Giftstoffen. Erste Fischkadaver verbrannt/
_cDietrich Schröder, Ina Matthes
264 _c2022
653 _aFrankfurt (Oder)
653 _aFischsterben
773 _dFrankfurt (Oder) Märkisches Verlags- und Druckhaus GmbH & Co KG
_tMärkische Oderzeitung
_g33. Jahrgang (2022) Nr. 191 vom 17.08.2022, S. 1,
942 _cA